000 00661nam a2200193 a 4500
001 BRCA_826
005 20190320203151.0
008 850412s1975 gt-a---##c---f000-0#spa-#
040 _aDLC
_cDLC
_dDLC
050 4 _aNK7118
_b.P53 1975
245 1 0 _aPlatería de Guatemala.
260 _aGuatemala
_bInstituto Guatemalteco de Arte Colonial
_c1975
300 _a121 p.
_bil.
_c28 cm.
500 _aCatálogo de la exposición realizada en el Instituto Guatematelco de Arte Colonial, 1975
504 _aBibliografía : p. 119
650 1 4 _aTrabajo en plata
_vExposiciones
_zGuatemala
_92749
710 2 _aInstituto Guatemalteco de Arte Colonial
_92750
942 _2lcc
_cB
999 _c721
_d721